000
00316nam a22001337a 4500
003
SGT
082
_a
340,GUP
100
_a
GUPTA, JAINTI PRASAD.
245
_a
THE PREVENTION OF FOOD ADULTERATION ACT
260
_a
MEERUT
_b
THE HINDUSTAN LAW
_c
1970
300
_a
272
650
_a
ADULTERATION ACT
942
_2
ddc
_c
BK
999
_c
10352
_d
10352